L'afrique doit s'unir

Zapisane w:
Opis bibliograficzny
1. autor: Nkrumah, Kwame
Format: Książka
Język:Undetermined
Wydane: Paris Payot 1964
Etykiety: Dodaj etykietę
Nie ma etykietki, Dołącz pierwszą etykiete!
Thư viện lưu trữ: Trung tâm Học liệu Trường Đại học Cần Thơ
LEADER 00414nam a2200169Ia 4500
001 CTU_77664
008 210402s9999 xx 000 0 und d
082 |a 960 
082 |b N694 
100 |a Nkrumah, Kwame 
245 0 |a L'afrique doit s'unir 
245 0 |c Kwame Nkrumah 
260 |a Paris 
260 |b Payot 
260 |c 1964 
904 |i Mai Loan 
980 |a Trung tâm Học liệu Trường Đại học Cần Thơ